<?xml version="1.0" encoding="UTF-8"?>
<collection xmlns="http://www.loc.gov/MARC21/slim">
 <record>
  <leader>00767cam a22002055a 4500</leader>
  <controlfield tag="001">EIQ.libpla000034</controlfield>
  <controlfield tag="008">811026s1960####fr############000#0#eng#d</controlfield>
  <controlfield tag="005">20060829153102.0</controlfield>
  <datafield tag="245" ind1="1" ind2="0">
   <subfield code="a">Co-operation in the field of scientific and technical research /</subfield>
   <subfield code="c">by Dana Wilgress.</subfield>
  </datafield>
  <datafield tag="250" ind1=" " ind2=" ">
   <subfield code="a">[2nd ed.].</subfield>
  </datafield>
  <datafield tag="260" ind1=" " ind2=" ">
   <subfield code="a">[Paris] :</subfield>
   <subfield code="b">Organisation for European Economic Co-operation,</subfield>
   <subfield code="c">1960.</subfield>
  </datafield>
  <datafield tag="300" ind1=" " ind2=" ">
   <subfield code="a">52 p. ;</subfield>
   <subfield code="c">24 cm.</subfield>
  </datafield>
  <datafield tag="100" ind1="1" ind2=" ">
   <subfield code="a">Wilgress, Dana.</subfield>
  </datafield>
  <datafield tag="082" ind1=" " ind2=" ">
   <subfield code="a">507.2</subfield>
  </datafield>
  <datafield tag="650" ind1=" " ind2="4">
   <subfield code="a">Investigación, Industrial</subfield>
   <subfield code="x">Cooperación internacional.</subfield>
  </datafield>
  <datafield tag="650" ind1=" " ind2="0">
   <subfield code="a">Research, Industrial.</subfield>
   <subfield code="x">International cooperation.</subfield>
  </datafield>
  <datafield tag="610" ind1="2" ind2="0">
   <subfield code="a">Organisation for European Economic Co-operation.</subfield>
  </datafield>
  <datafield tag="010" ind1=" " ind2=" ">
   <subfield code="a">   60051279 </subfield>
  </datafield>
  <datafield tag="040" ind1=" " ind2=" ">
   <subfield code="a">DLC</subfield>
   <subfield code="c">MnSU</subfield>
   <subfield code="d">MnSU</subfield>
   <subfield code="d">AR-BbSID</subfield>
  </datafield>
  <datafield tag="859" ind1=" " ind2=" ">
   <subfield code="a">AR-BbSID</subfield>
   <subfield code="b">BIB. PLAPIQUI</subfield>
   <subfield code="h">001.4</subfield>
   <subfield code="i">Wil 641</subfield>
   <subfield code="p">14</subfield>
  </datafield>
 </record>
</collection>
